Famous Married Couples Quiz Stats

 Plays Quiz Updated Mar 13, 2018

Score 0/20 Timer 05:00
4 Plays Today
Husband Wife % Correct
Ashton KutcherMila Kunis
91.4%
Marc AnthonyJennifer Lopez
86.2%
Tom CruiseKatie Holmes
85.2%
David BeckhamVictoria Beckham
85.2%
SealHeidi Klum
77.3%
Ben AffleckJennifer Garner
76.7%
Keith UrbanNicole Kidman
74.2%
Matthew BroderickSarah Jessica Parker
71.9%
Michael DouglasCatherine Zeta-Jones
71.4%
Tim McGrawFaith Hill
66.1%
Husband Wife % Correct
David ArquetteCourteney Cox
59.7%
Gavin RossdaleGwen Stefani
58.9%
Chris MartinGwyneth Paltrow
56.6%
Antonio BanderasMelanie Griffith
49%
Andre AgassiSteffi Graf
48.8%
John TravoltaKelly Preston
44.7%
David DuchovnyTéa Leoni
38.3%
Tom HanksRita Wilson
33.7%
Kevin BaconKyra Sedgwick
30.6%
William H. MacyFelicity Huffman
29.1%

You're not logged in!

Compare scores with friends on all Sporcle quizzes.
OR
Log In

Sporcle TV

Today on Sporcle TV


Watch our educational content, quiz creation guides, and fun videos on Sporcle TV.

Show Comments

Extras

Top Quizzes Today


Score Distribution

Your Account Isn't Verified!

In order to create a playlist on Sporcle, you need to verify the email address you used during registration. Go to your Sporcle Settings to finish the process.

Report this User

Report this user for behavior that violates our Community Guidelines.

Details: